Zákon o zdravotnom poistení - novela

Dôležité zmeny v zákone o zdravotnom poistení od mája 2015.

Gespeichert in:
Bibliographische Detailangaben
1. Verfasser: Matulková, Mariana
Format: Buchkapitel
Sprache:Slowakisch
Schlagworte:
Tags: Tag hinzufügen
Keine Tags, Fügen Sie das erste Tag hinzu!

MARC

LEADER 00000naa a2200000 4500
001 0200533
005 20231120130447.1
041 0 |a slo 
044 |a SK 
245 1 0 |a Zákon o zdravotnom poistení - novela  |c Mariana Matulková 
520 |a Dôležité zmeny v zákone o zdravotnom poistení od mája 2015. 
610 2 0 |a zákony 
610 2 0 |a Slovensko 
610 2 0 |a novelizácia 
610 2 0 |a poistenie zdravotné 
100 1 |a Matulková, Mariana